| 000 | 00945nam a22003017a 4500 | ||
|---|---|---|---|
| 001 | 7242 | ||
| 003 | FISKH | ||
| 005 | 20250703152856.0 | ||
| 008 | 250703b cb ||||| |||| 00| 0 eng d | ||
| 020 | _a046594003751 | ||
| 040 |
_aFISKH _beng _cFISKH _dFISKH |
||
| 050 | _aPZ7.H314964 D | ||
| 082 | _a823.914 | ||
| 100 | _aHazen, Barbara Shook | ||
| 245 |
_aDigby / _cby Barbara Shook Hazen ; Pictures by Barbara J. Phillips-Duke |
||
| 250 | _aThis Harper Trophy edition 1999 | ||
| 260 |
_aNew York : _bHarper Trophy, _c1997. |
||
| 300 |
_a32 pages : _bcolor illustrations ; _c22 cm |
||
| 490 |
_aAn I can read book : _vLevel 1 |
||
| 505 | _aG | ||
| 520 | _aLearning about the family dog, Digby, helps a young child understand aging. | ||
| 521 | 8 |
_a300
_bLexile estimate |
|
| 521 | 8 |
_aG
_bRaz-Plus |
|
| 650 |
_aPet _vDog |
||
| 700 |
_aPhillips-Duke, Barbara J. _eillustrator |
||
| 942 |
_2ddc _cBK _n0 |
||
| 999 |
_c7242 _d7242 |
||